| 000 | 00000nam##2200000za#4500 |
| 001 | 9.573230 |
| 003 | CaOODSP |
| 005 | 20210624183614 |
| 007 | cr ||||||||||| |
| 008 | 150406|2005||||xxc|||||o f|0| 0 eng|d |
| 040 | |aCaOODSP|beng |
| 043 | |an-cn--- |
| 086 | 1 |aBT31-4/36-2005E-PDF |
| 110 | 1 |aCanada. |bTreasury Board. |
| 245 | 10|aCorrectional Service Canada, performance report for the period ending March 31, 2005 |h[electronic resource] |
| 260 | |aOttawa - Ontario : |bTreasury Board of Canada Secretariat |c[2005]. |
| 300 | |a106p.|bcoloured map, fig., glossary, graphs, organization chart, references, tables |
| 490 | 1 |aPerformance report for the period ending March 31, 2005 |
| 590 | |a12-06-Supp|b2012-03-07 |
| 775 | 08|tService correctionnel du Canada - rapport sur le rendement pour la période se terminant le 31 mars 2005 |w(CaOODSP)9.603440 |
| 776 | 0#|tCorrectional Service Canada |w(CaOODSP)9.541880 |
| 776 | 0#|tService correctionnel Canada |w(CaOODSP)9.541881 |
| 830 | #0|aPerformance report for the period ending March 31, 2005.|w(CaOODSP)9.506266 |
| 856 | 40|ahttp://publications.gc.ca|qPDF|s2.15 MB|uhttps://publications.gc.ca/collections/collection_2012/sct-tbs/BT31-4-36-2005-eng.pdf |